| 000 | 00869nam a2200277 i 4500 | ||
|---|---|---|---|
| 001 | bg | ||
| 100 | 1 | _aMAKOWSKI, Maciej | |
| 245 | 1 | 0 |
_aLaboratorium z matematyki przy użyciu programu Mathematica : _bpomoc dydaktyczna / _cMaciej Makowski, Andrzej Sowa ; Politechnika Krakowska im. Tadeusza Kościuszki. |
| 250 | _aWyd. 2. | ||
| 260 |
_aKraków : _bPK, _c1999. |
||
| 300 |
_a80 s. : _bil. ; _c24 cm. |
||
| 490 | 1 | _aInformatyka Stosowana | |
| 504 | _aBibliogr. | ||
| 650 | 9 | _aMathematica (informat.) | |
| 655 | _aPodręczniki akademickie | ||
| 700 | 1 | _aSOWA, Andrzej | |
| 710 | 0 | _aPolitechnika Krakowska im. Tadeusza Kościuszki | |
| 830 | _aInformatyka Stosowana | ||
| 020 | _a8372420661 | ||
| 040 | _cBPK | ||
| 041 | 0 | _apl | |
| 080 | _a004.42:004.451](075.8) | ||
| 920 | _a83-7242-066-1 | ||
| 942 | _cKS | ||
| 008 | s pl f |000 0 pol | ||
| 999 |
_c37691 _d37691 |
||
| 856 |
_uhttp://koha.tu.koszalin.pl/cgi-bin/koha/opac-detail.pl?biblionumber=37691 _yKatalog online BPK |
||